000 00482nam a2200181Ia 4500
008 230524s9999 xx 000 0 und d
020 _a9788131731932
082 _bHEY
100 _aIan Heywood
_942711
245 3 _aAn Introduction to Geographical Information Systems
250 _a3
260 _aNew Delhi
_bPearson
_c2010
300 _a"IX,420p;"
500 _aQuantity Number: 1
650 _aComp-Sc
700 _a"Sarah Cornelius , Steve Carver"
_942712
942 _cBK
999 _c57697
_d57697